La antijuricidad

Uloženo v:
Podrobná bibliografie
Hlavní autor: Villar Brito, Waldo Humberto del (Autor)
Médium: Kniha
Jazyk:španělština
Vydáno: Valparaíso Prensas de la Escuela de Derecho de Valparaíso 1962
Vydání:1a. ed
Témata:
Tagy: Přidat tag
Žádné tagy, Buďte první, kdo vytvoří štítek k tomuto záznamu!

MARC

LEADER 00000cam a2200000 a 4500
001 UCC4394
003 CL-VaPUC
008 180803e19620000cl |||||||||||||||||spa|d
082 0 4 |a 345.04  |b VIL  |2 21 
100 0 |a Villar Brito, Waldo Humberto del  |e author  |9 598647 
245 1 3 |a La antijuricidad 
250 |a 1a. ed 
300 |a 145 p 
942 |c BK 
945 |d 20180803 12:44:00  |a dcastane 
260 |a Valparaíso  |b Prensas de la Escuela de Derecho de Valparaíso  |c 1962 
650 0 |a Antijuridicidad  |9 368501 
650 7 |a DERECHO PENAL  |2 CL-VaPUC  |9 11 
650 0 |a Delitos  |9 224143 
583 |a last modification  |c 20180803 12:44:00  |k Rodrigo Vera 
999 |c 371946  |d 371944 
952 |0 0  |1 0  |3 erb  |4 0  |6 345_040000000000000_VIL_1962  |7 0  |8 P  |9 489164  |a BIBDER  |b BIBDER  |e Mateluna Arestizabal, Alfredo Sergio  |i 5484995  |o 345.04 VIL 1962  |p 5484995  |r 2023-01-25  |w 2019-11-24  |y BK  |z Catalogado en:20180803  |k DER